000 00290nam a2200121Ia 4500
008 191201s2015 xx 000 0 und d
100 _aLAMBERT, Kenneth A
245 0 _aFundamentals of Python
260 _bCengage Learning
_c2015
300 _a394
650 _aB.Tech(IT)
942 _2ddc
_cBK
999 _c6897
_d6897